| 000 | 00645nam a22001937a 4500 | ||
|---|---|---|---|
| 999 |
_c157021 _d157021 |
||
| 005 | 20180926112543.0 | ||
| 010 | _aENG-123975 | ||
| 020 |
_c400.00 _a9788179552605 |
||
| 035 | _aEN-107507 | ||
| 037 | _bDBAD/PUB | ||
| 082 | _a651.7 | ||
| 100 | _aGhosh, Subir | ||
| 245 |
_aCorporate english : _cby Subir Ghosh _ba book on business writing and communicative english / |
||
| 260 |
_bShishu Sahitya Samsad Pvt. Ltd. _aKolkata _c2017 |
||
| 270 |
_a32A Acharaya Prafulla Chandra Road, _bKolkata _e700009 |
||
| 300 |
_axxiv,318p _c27cm.(pbk.) |
||
| 500 | _aIt includes bibliography and glossary | ||
| 942 |
_2ddc _cEN _mGHO _h651.7 |
||